000 00518nam a2200205Ia 4500
008 240510s9999 xx 000 0 und d
020 _a0009971512890
041 _aEng
082 _a658.4038
082 _bM26
100 _aMAREDITH J.R. : MANTEL S.J.
245 0 _aPROJECT MANAGEMENT A MANAGERIAL APPROACH
250 _a4th ed.
260 _bNEW YORK : JOHN WILEY
260 _c2000
300 _a616 p.
650 _aPROJECT MANAGEMENT : MANAGEMENT INFORMATION SYSTEMS
942 _2ddc
942 _cLBK
999 _c26946
_d26946
945 _a1
_bMadushi Gamage
_c1
_dMadushi Gamage